Pokémon que empiezan por la letra Q - Estadísticas

Estadísticas generales
  • Esta prueba ha sido intentada 20 veces
  • La puntuación promedio es 5 de 7
Estadísticas de respuestas
Gen. Tipo Nombre % Correcto
II Tierra/Agua Quagsire
88%
II Fuego Quilava
81%
II Agua/Veneno Qwilfish
81%
IX Agua/Lucha Quaquaval
75%
IX Agua Quaxly
75%
IX Agua Quaxwell
56%
VI Planta Quilladin
56%
No se encontraron pruebas coincidentes
Distribución de puntuación
Porcentaje de gente con cada puntuación
Porcentaje por número respondido
Historial de tus puntuaciones
No has intentado esta prueba.